Quizzes
Events
Quiz Creation
Community
Videos
Private Events
Remove Ads
Sign In
Join for FREE
Feedback
Dark Mode
Quiz Categories
Sports
Geography
Music
Movies
Television
Just For Fun
Miscellaneous
History
Literature
Language
Science
Gaming
Entertainment
Religion
Holiday
For Kids
Quiz Lab
Recent
Popular Today
Quiz Kudos Today
Editor Picks
Curator Picks
Quizzes by...
Day
Popularity
Type
Ratings
Length
Year
Community
Subscriptions
Recent Discussions
Orange Saloon
Badges
Playlists
Quests
Create
Leaderboards
Showdown
Live 5
Trivia Bingo
Activity
Puzzle Library
Sporcle Events
Private Events
Virtual Trivia
Globe League
Become a Host
Pub Owners
SporcleCon
Opinionation
Our Games
Videos
Blog
Mobile Apps
Partnerships
Remove Ads and Go Orange
Feedback
Geography
Country
Landmarks
City
State
Population
World
Capital
Continent
Flags
Europe
Africa
Asia
South America
North America
Oceania
Border
Canada
United Kingdom
Topography
United States
Geography
Country
Landmarks
City
State
Population
World
Capital
Continent
Flags
Europe
Africa
Asia
South America
North America
Oceania
Border
Canada
United Kingdom
Topography
United States
Random Quiz
Search Sporcle
×
Quiz Lab
Quiz Lab
Geography
Airline
Type in answers that appear in a list
Type in answers that appear in a list
Classic
Best Score? Go Orange.
Nonstop from the UK to the US Stats
Can you name the Nonstop from the US to the UK?
By
ribbo
10m
23 Questions
75 Plays
75 Plays
75 Plays
Comments
Comments
Give Quiz Kudos
Give Quiz Kudos
-
- Ratings
hide this ad
More Info
Replay
Link that replays current quiz
Next Quiz
Link to next quiz in quiz playlist
You Got
0%
They Got
Avg Score
34%
Avg Friend Score
Upgrade to see
Score Distribution
Jump to the score distribution portion of the page
Score
0/23
Timer
10:00
0
Plays Today
Airline(s)
Airports
% Correct
BA, AA, VS, DL, KU
LHR-JFK
93.3%
BA, UA, VS
LHR-EWR
65.3%
BA, VS, UA, AA, NZ
LHR-LAX
65.3%
BA, AA, DL, VS
LHR-BOS
62.7%
BA, DL
LHR-ATL
60%
BA, UA, VS
LHR-SFO
60%
BA, AA, VS
LHR-MIA
53.3%
BA,VS
LGW-MCO
49.3%
BA
LHR-LAS
45.3%
VS
MAN-MCO
36%
BA, UA, VS
LHR-DCA
30.7%
BA
LHR-BWI
30.7%
Airline(s)
Airports
% Correct
VS
GLA-MCO
25.3%
VS, TCX
LGW-LAS
22.7%
BA
LGW-TPA
20%
UA, AA, BA
LHR-OHR
18.7%
TOM, MON, TCX
LGW-SFB
17.3%
TOM, MON
NCL-SFB
9.3%
TOM, MON, TCX
MAN-SFB
8%
TOM, MON, TCX
GLA-SFB
8%
TOM
BHX-SFB
5.3%
MON
CWL-SFB
2.7%
TOM
BRS-SFB
1.3%
Quiz Playlist
Details
Report
Send in Message
Add To Playlist
More Info:
enter two airports (for example: LGW-MCO or Gatwick-Orlando) putting the BRITISH AIRPORT first. Put two word answers such as "Las Vegas" into one word
Classic:
Type in answers that appear in a list
Last Updated: Mar 16, 2017
Quiz Scoreboard
CHALLENGE
Sign Up to Join the Scoreboard
Show All
Scores
Hide
Comments
May contain spoilers
Recently Published
College Basketball Coaching Resumes
by pancakes188
Sports
9m
Billboard Blitz: Fleetwood Mac
by CooCooCachoo
Music
15s
Presidents Visiting Landmarks
by Hejman
History
7m
More to Explore
Quiz From the Vault
Featured Blog Post
Where Did the Easter Bunny Come From?
hide this ad
You Might Also Like...
Tags
Airline
airport
non-stop
Today's Top Quizzes in Geography
Browse Geography
hide this ad
Today's Top Quizzes in Airline
Browse Airline
Top Contributed Quizzes in Geography
1
Countries of the World - No Outlines Minefield
2
Top 25 Cities of France on a map
3
Any capital of a 'B' country per Continent
4
Any capital of a 'C' country per Continent
5
Closest Countries to UK A-Z
6
Any capital of a 'D' country per Continent
7
5-to-1: US Geography No Hints
8
Any capital of an 'E' country per Continent
9
One Thing in Common: United Kingdom
10
Click the Alabama Counties! (Map)
Explore More
Trending Topics
Harry Potter
NBA
Kpop
Marvel
Disney
Anime
Crossword
Country
Song
Puzzle
NFL
Soccer
WWE
Pokémon
The Office
hide this ad
More By:
ribbo
Quiz
Plays
Rating
Category
Featured
Created
UK Food Slogans
600
2.17
Miscellaneous
Jan 7, 2013
UK Airports that fly to Orlando
536
1.67
Geography
Apr 20, 2012
Largest European Airlines
459
2.40
Geography
Sep 18, 2012
10 Largest Welsh Towns
454
1.00
Geography
Apr 5, 2012
Most Popular Airline by Route
416
3.17
Geography
Sep 14, 2012
Go to Creator's Profile
Score Distribution
Quiz Creator Spotlight
ribbo
Follow
Send a Message
Quizzes Created
-
Created Quiz Play Count
-
More By This Creator
Popular Quizzes Today
1
Find the US States - No Outlines Minefield
2
Find the Countries of Europe - No Outlines Minefield
3
The Countries of the World
4
Find the US States
5
Risky Map Clicking: Biggest States A-Z
6
US States
7
Popular People in 1961
8
Movies - When Are They Set?
More Geography Quizzes
Erase the World by Capital (A-Z)
Quiz Lab
Trending Quizzes
Risky Map Clicking: Least Populous States A-Z
1-10 Letter G Words
1-10 Letter F Words
Risky Map Clicking: Next State Alphabetically
Click the Washington State Counties! (Map)
Recently Updated
Leaping Animals
pecheneg
Reality TV Shows (A-Z)
bhenderson79
Rickey Henderson's Hall of Fame Teammates
pecheneg
Champions League XIs: Arsenal
pecheneg
Quick Pick: Celebrities in WWE's Hall of Fame
aduchscher
A-Z Keypad Blitz II
pecheneg
Multiple Oscar Actors
pecheneg
Mystery Phrase Blitz: Oscar 'Best Actors'
pecheneg
F. Scott Fitzgerald Novels
LTH
Pick 3 Villains
ddd62291
Trending Topics
Marvel
Harry Potter
Disney
NBA
Crossword
Anime
Kpop
Soccer
WWE
NFL
The Office
Pokémon
Country
Puzzle
Song
Your Account Isn't Verified!
In order to create a playlist on Sporcle, you need to verify the email address you used during registration. Go to your
Sporcle Settings
to finish the process.
Report this User
Report this user for behavior that violates our
Community Guidelines
.
Details:
Send Report
Go to the Sporcle.com Mobile Site →
Comments